Servomechanisms and regulating system design / (Record no. 183969)
[ view plain ]
| 000 -LEADER | |
|---|---|
| fixed length control field | 01334 a2200205 4500 |
| 003 - CONTROL NUMBER IDENTIFIER | |
| control field | Nust |
| 005 - DATE AND TIME OF LATEST TRANSACTION | |
| control field | 20230404115104.0 |
| 010 ## - LIBRARY OF CONGRESS CONTROL NUMBER | |
| LC control number | 59009339 |
| 040 ## - CATALOGING SOURCE | |
| Transcribing agency | Nust |
| 082 ## - DEWEY DECIMAL CLASSIFICATION NUMBER | |
| Classification number | 629.8323,CHE |
| 100 ## - MAIN ENTRY--PERSONAL NAME | |
| Personal name | Chestnut, Harold |
| 9 (RLIN) | 44464 |
| 245 ## - TITLE STATEMENT | |
| Title | Servomechanisms and regulating system design / |
| Statement of responsibility, etc. | Harold Chestnut & Robert W. Mayer |
| 250 ## - EDITION STATEMENT | |
| Edition statement | 2nd ed |
| 260 ## - PUBLICATION, DISTRIBUTION, ETC. | |
| Place of publication, distribution, etc. | Wiley |
| Name of publisher, distributor, etc. | New York |
| Date of publication, distribution, etc. | 1959 |
| 300 ## - PHYSICAL DESCRIPTION | |
| Extent | xvii, 680 p |
| Other physical details | illus |
| Dimensions | 24 cm |
| 505 ## - FORMATTED CONTENTS NOTE | |
| Formatted contents note | The Automatic Control Problems (Page-1), Manipulation Of Complex Numbers (Page-20), Solution Of Linear Differential Equations(Page-33), Laplace Transforms Of The Solutions (Page-70), Steady-State Operation (Page-103), Methods Of Determining Systems (Page-128),Typical Control Elements And Their Transfer (Page-179),Types Of Servomechanism And Control Systems (Page-218), Complex Plane Representation Of Feedback (Page-246), Design Use Of Complex Plane (Page-270), Attenuation Concepts For Use In Feedback (Page-316), Application Of Attenuation Phase (Page-352), Application Of Root Locus To Feedback (Page-383), Multiple Loop And Multiple Input Feedback (Page-477), Comparison Of Steady State And Transient (Page-487), Fundamentals Of Analog Computers (Page-540). |
| 600 ## - SUBJECT ADDED ENTRY--PERSONAL NAME | |
| Personal name | Chestnut, Harold |
| 9 (RLIN) | 44464 |
| 650 ## - SUBJECT ADDED ENTRY--TOPICAL TERM | |
| Topical term or geographic name entry element | Servomechanisms and regulating system design |
| 9 (RLIN) | 111718 |
| 942 ## - ADDED ENTRY ELEMENTS (KOHA) | |
| Source of classification or shelving scheme | |
| Koha item type | Book |
| Withdrawn status | Lost status | Source of classification or shelving scheme | Damaged status | Not for loan | Permanent Location | Current Location | Shelving location | Date acquired | Full call number | Barcode | Date last seen | Price effective from | Koha item type | Public note |
|---|---|---|---|---|---|---|---|---|---|---|---|---|---|---|
| Military College of Signals (MCS) | Military College of Signals (MCS) | General Stacks | 12/12/2016 | 629.8323,CHE | MCS6184 | 12/08/2016 | 12/12/2016 | Book | Almirah No.74, Shelf No.7 | |||||
| Military College of Signals (MCS) | Military College of Signals (MCS) | General Stacks | 12/12/2016 | 629.8323,CHE | MCS6243 | 12/08/2016 | 12/12/2016 | Book | Almirah No.74, Shelf No.7 |
